Nettarivu: (Record no. 181721)

000 -LEADER
fixed length control field 00510nam a22001817a 4500
020 ## - INTERNATIONAL STANDARD BOOK NUMBER
ISBN 9789390790494
082 ## - DEWEY DECIMAL CLASSIFICATION NUMBER
Classification number M 894.812
Item number SHY/N
100 ## - MAIN ENTRY--AUTHOR NAME
Personal name Shyja J
-- Raisy Jose Chemmannur
-- Divya T S
245 ## - TITLE STATEMENT
Title Nettarivu:
Sub Title malayalam pareekshavijayi/
Statement of responsibility, etc by Shyja J
250 ## - EDITION STATEMENT
Edition statement 2nd ed.
260 ## - PUBLICATION, DISTRIBUTION, ETC. (IMPRINT)
Place of publication Kozhikkode:
Name of publisher Atma books pavanatma publishers,
Year of publication 2022.
300 ## - PHYSICAL DESCRIPTION
Number of Pages 833p.
650 ## - SUBJECT ADDED ENTRY--TOPICAL TERM
Topical Term Language Malayalam
650 ## - SUBJECT ADDED ENTRY--TOPICAL TERM
Topical Term Literature Malayalam
650 ## - SUBJECT ADDED ENTRY--TOPICAL TERM
Topical Term NET JRF
650 ## - SUBJECT ADDED ENTRY--TOPICAL TERM
Topical Term HST HSST-SET K TET
942 ## - ADDED ENTRY ELEMENTS (KOHA)
Koha item type Book
Holdings
Withdrawn status Lost status Damaged status Not for loan Permanent Location Current Location Shelving location Date acquired Cost, normal purchase price Full call number Accession Number Price effective from Koha item type
        Sree Sankaracharya University of Sanskrit Sree Sankaracharya University of Sanskrit Reference 21.05.2026 1300.00 R M 894.812 SHY/N 108878 21.05.2026 Reference